Estadísticas para Capitales de provincias españolas más frías

Haz click aquí para intentar la prueba.

Estadísticas generales

  • Esta prueba ha sido intentada 112 veces
  • La puntuación promedio es 13 de 15

Estadísticas de respuestas

Temperatura media al año (ºC)Ciudad% Correcto
11León
97%
10,7Burgos
94%
12Salamanca
93%
11,5Palencia
92%
10,5Ávila
91%
12,5Segovia
91%
10,5Soria
91%
13Teruel
90%
12,5Valladolid
90%
13Zamora
90%
13,5Guadalajara
82%
11,5Vitoria
82%
13Oviedo
76%
13Cuenca
75%
13San Sebastián
48%

Distribución de puntuación

Porcentaje por número respondido

Porcentaje de gente con cada puntuación

Historial de tus puntuaciones

No has intentado esta prueba.